000
00193nam a2200085Ia 4500
008
220120s9999||||xx |||||||||||||| ||und||
100
_a
Kolhapure, B K
245
0
_a
Civil engineering
300
_b
0
999
_c
136284
_d
136284